00438 2200181 4500001002100000005001500021008004100036020002200077035001900099041000600118082000800124090001400132100001800146245002000164260002500184300002600209650002100235INLIS00000000000331420241224112711241224||||||||| | ||| |||| ||  a978-0-439-37297-8 0010-1224003314 a00 a823 a823 BLU c0 aBlue Balliett00aChasing Vermeer bScholastic Incc2005 a254 hlm.: ilus; 20 cm 0aIlmu Kesusatraan